Mexican Food by Picture - Statistics

General Stats
  • This quiz has been taken 163 times
  • The average score is 13 of 20
Answer Stats
Picture Answer % Correct
Taco
100%
Burrito
98%
Churro
89%
Jalapeño
87%
Guacamole
86%
Tamale
78%
Nachos
76%
Tequila
67%
Empanada
62%
Enchilada
54%
Chorizo
52%
Torta
51%
Ceviche
50%
Mole
50%
Chimichanga
47%
Mojito
46%
Taquito or Flauta
46%
Arroz con Pollo
41%
Huevos Rancheros
38%
Menudo
34%
No matching quizzes found
Score Distribution
Percent of People with Each Score
Percentile by Number Answered
Your Score History
You have not taken this quiz